header

Counterinsurgency in Afghanistan (Record no. 150397)

MARC details
000 -LEADER
fixed length control field 01701nam a2200385 a 4500
082 04 - DEWEY DECIMAL CLASSIFICATION NUMBER
Classification number 958.104/7
100 1# - MAIN ENTRY--AUTHOR NAME
Personal name Jones, Seth G.,
245 10 - TITLE STATEMENT
Title Counterinsurgency in Afghanistan
260 ## - PUBLICATION, DISTRIBUTION, ETC. (IMPRINT)
Place of publication Santa Monica :
Name of publisher RAND National Defense Research Institute,
Year of publication 2008.
300 ## - PHYSICAL DESCRIPTION
Number of Pages xvii, 157 p. :
Other physical details ill., maps.
490 1# - SERIES STATEMENT
Series statement Rand counterinsurgency study ;
505 0# - FORMATTED CONTENTS NOTE
Formatted contents note Success in counterinsurgency warfare -- The age of insurgency -- Insurgents and their support network -- Afghan government and security forces -- U.S. and coalition forces -- Recommendations.
650 #0 - SUBJECT ADDED ENTRY--TOPICAL TERM
Topical Term Counterinsurgency
Topical Term Afghan War, 2001-
Topical Term Counterinsurgency.
856 40 - ELECTRONIC LOCATION AND ACCESS
Uniform Resource Identifier http://site.ebrary.com/lib/rucke/Doc?id=10246312

No items available.

© 2026 Rongo University
Contact us: librarian | system librarian | Rongo university